000 00430nam a2200133Ia 4500
008 170516s9999 xx 000 0 und d
245 _aComparative Tumor Imaging and PDT Efficacy of HPPH Conjugated in the Mono- and Di-Forms to Various Polymethine Cyanine Dyes: Part - 2
260 _bTheranostics
260 _c2013
300 _a3:9
650 _xMedical Technology
650 _xMedtech
856 _uhttp://www.thno.org/v3i9
999 _c330116
_d330116